[Event "SVK-Cup11 corr"]
[Site "Slovakia"]
[Date "2001.??.??"]
[Round "?"]
[White "Susedik, Ivan"]
[Black "Toma, Rudolf"]
[Result "1/2-1/2"]
[WhiteElo "2117"]
[BlackElo "2082"]
[PlyCount "76"]
[EventDate "2001.??.??"]
[EventType "tourn (corr)"]
[EventRounds "10"]
[EventCountry "SVK"]
[SourceTitle "Corr 2002"]
[Source "ChessBase"]
[SourceDate "2002.05.23"]
[SourceVersion "1"]
[SourceVersionDate "2002.05.23"]
[SourceQuality "1"]

1. d4 Nf6 2. c4 g6 3. Nc3 Bg7 4. e4 d6 5. f3 0-0 6. Be3 e5 7. Nge2 c6 8. Qb3 Nbd7 9. 0-0-0 Qa5 10. Kb1 a6 11. Qc2 b5 12. Nc1 Rd8 13. d5 c5 14. g4 Ne8 15. h4 Nc7 16. h5 bxc4 17. hxg6 fxg6 18. Qh2 Nf6 19. Bg5 Rd7 20. Bxc4 Rb8 21. Bd2 Qb4 22. Bb3 Qb7 23. Be3 Nb5 24. Nxb5 axb5 25. Rde1 Bh8 26. Qh4 c4 27. Bd1 Ra8 28. Be2 Rc7 29. Rh2 b4 30. Bg5 b3 31. Bxf6 bxa2+ 32. Nxa2 Qa6 33. Nc3 Rb7 34. Kc2 Rxb2+ 35. Kxb2 Qb6+ 36. Kc2 Qb3+ 37. Kd2 Qb2+ 38. Ke3 Qb6+ 1/2-1/2

[Event "SVK-ch sf 1st email"]
[Site "Slovakia"]
[Date "2001.??.??"]
[Round "?"]
[White "Vrbica, Ladislav"]
[Black "Susedik, Ivan"]
[Result "0-1"]
[WhiteElo "2185"]
[BlackElo "2082"]
[PlyCount "61"]
[EventDate "2001.09.15"]
[EventType "tourn (corr)"]
[EventRounds "8"]
[EventCountry "SVK"]
[SourceTitle "Corr 2008"]
[Source "ChessBase"]
[SourceDate "2008.06.24"]
[SourceVersion "1"]
[SourceVersionDate "2008.06.24"]
[SourceQuality "1"]

1. c4 Nf6 2. Nc3 e5 3. Nf3 Nc6 4. g3 Bb4 5. Nd5 Bc5 6. Bg2 d6 7. 0-0 0-0 8. d3 Nxd5 9. cxd5 Nd4 10. Nxd4 Bxd4 11. e3 Bb6 12. b4 Bd7 13. a4 a5 14. b5 Qf6 15. Bd2 Qg6 16. Rc1 Bg4 17. f3 Bf5 18. d4 Bd3 19. Re1 exd4 20. exd4 Rfe8 21. Kh1 Rxe1+ 22. Bxe1 Re8 23. Bf2 h6 24. Kg1 Qf5 25. Rc3 Be2 26. Qc1 Qg6 27. h3 Bd3 28. g4 f5 29. Qd1 Be2 30. Qc2 Qg5 31. Rxc7 0-1

[Event "PSG G1 email"]
[Site "Slovakia"]
[Date "2000.??.??"]
[Round "?"]
[White "Hecko, Dusan"]
[Black "Susedik, Ivan"]
[Result "0-1"]
[WhiteElo "1910"]
[BlackElo "1876"]
[PlyCount "106"]
[EventDate "2000.??.??"]
[EventType "tourn (corr)"]
[EventRounds "6"]
[EventCountry "SVK"]
[SourceTitle "Corr 2002"]
[Source "ChessBase"]
[SourceDate "2002.05.23"]
[SourceVersion "1"]
[SourceVersionDate "2002.05.23"]
[SourceQuality "1"]

1. e4 e5 2. Nf3 Nc6 3. Bb5 a6 4. Bxc6 dxc6 5. 0-0 f6 6. d4 Bg4 7. dxe5 Qxd1 8. Rxd1 fxe5 9. Rd3 Bd6 10. Bg5 h6 11. Bh4 Ne7 12. Bxe7 Kxe7 13. Nbd2 Be6 14. Kf1 Raf8 15. b3 Rf4 16. Ne1 Rhf8 17. f3 g5 18. c3 Bc5 19. Ke2 Rh4 20. h3 h5 21. Nc2 g4 22. hxg4 hxg4 23. Nf1 gxf3+ 24. gxf3 Bg4 25. b4 Ba7 26. c4 Bh5 27. Nd2 Rh2+ 28. Kd1 Rg8 29. c5 a5 30. a3 Rh1+ 31. Ne1 Bf7 32. Rc1 Rgg1 33. Ke2 b6 34. Rdc3 Rh2+ 35. Ke3 Kf6 36. bxa5 bxa5 37. a4 Be6 38. R3c2 Bc8 39. f4 exf4+ 40. Kd4 Rh8 41. Ndf3 Rg3 42. Rg2 Rd8+ 43. Kc3 Bxc5 44. Kb2 Bd4+ 45. Nxd4 Rxd4 46. Rxc6+ Be6 47. e5+ Kf5 48. Rxg3 fxg3 49. Rxc7 Rxa4 50. Nc2 Kxe5 51. Rg7 Kf4 52. Kc3 Re4 53. Nd4 Bg4 0-1

[Event "SVK-Cup12 sf1 corr"]
[Site "Slovakia"]
[Date "2000.??.??"]
[Round "?"]
[White "Nalepovic, Jozef"]
[Black "Susedik, Ivan"]
[Result "0-1"]
[WhiteElo "2049"]
[BlackElo "2117"]
[PlyCount "30"]
[EventDate "2000.07.01"]
[EventType "tourn (corr)"]
[EventRounds "12"]
[EventCountry "SVK"]
[SourceTitle "Corr 2002"]
[Source "ChessBase"]
[SourceDate "2002.05.23"]
[SourceVersion "1"]
[SourceVersionDate "2002.05.23"]
[SourceQuality "1"]

1. e4 c5 2. f4 g6 3. Nf3 Bg7 4. Nc3 Nc6 5. Bb5 Nd4 6. 0-0 a6 7. Bd3 d6 8. Nxd4 cxd4 9. Ne2 Nf6 10. c3 dxc3 11. bxc3 0-0 12. Bc2 Qc7 13. a4 b6 14. Qe1 Bd7 15. Ng3 b5 0-1

[Event "SVK-Cup12 sf1 corr"]
[Site "Slovakia"]
[Date "2000.??.??"]
[Round "?"]
[White "Susedik, Ivan"]
[Black "Chyla, Jiri"]
[Result "1-0"]
[WhiteElo "2117"]
[BlackElo "1986"]
[PlyCount "55"]
[EventDate "2000.07.01"]
[EventType "tourn (corr)"]
[EventRounds "12"]
[EventCountry "SVK"]
[SourceTitle "Corr 2002"]
[Source "ChessBase"]
[SourceDate "2002.05.23"]
[SourceVersion "1"]
[SourceVersionDate "2002.05.23"]
[SourceQuality "1"]

1. d4 d5 2. c4 e6 3. Nc3 Nf6 4. Bg5 Be7 5. e3 0-0 6. Nf3 Nbd7 7. Rc1 c6 8. a3 h6 9. Bf4 Nh5 10. Qc2 Nxf4 11. exf4 dxc4 12. Bxc4 Nb6 13. Bd3 Nd5 14. Qd2 Bd6 15. Ne5 Qf6 16. Ne4 Qe7 17. Nxd6 Qxd6 18. 0-0 Ne7 19. Nc4 Qd8 20. Rfd1 b6 21. Ne5 Bb7 22. Qe2 Nd5 23. Bb1 Rc8 24. Qd3 f5 25. Qg3 Rf6 26. Ba2 Kh7 27. Rc2 Qe8 28. Rdc1 1-0